KOHA-Header-6

بدلتی ہوئی تاریخ (Record no. 13630)

000 -LEADER
fixed length control field 00282nam a22001097a 4500
082 ## - DEWEY DECIMAL CLASSIFICATION NUMBER
Classification number 891.43935
100 ## - MAIN ENTRY--AUTHOR NAME
Personal name ڈاکٹر مبارک علی
245 ## - TITLE STATEMENT
Title بدلتی ہوئی تاریخ
260 ## - PUBLICATION, DISTRIBUTION, ETC. (IMPRINT)
Place of publication لاہور
Name of publisher فکشن ہاؤس
Year of publication ١٩٩٧
300 ## - PHYSICAL DESCRIPTION
Number of Pages ١٩٩ صفحات
942 ## - ADDED ENTRY ELEMENTS (KOHA)
Koha item type Books
Holdings
Withdrawn status Lost status Collection code Permanent Location Current Location Shelving location Date acquired Full call number Accession Number Koha item type
    Urdu Literature MAJU MAJU Shelf No.A11 2022-12-23 891.43935 10666 Books

Powered by Koha